| 000 | 00942nam a22002417a 4500 | ||
|---|---|---|---|
| 005 | 2012082207027.0 | ||
| 008 | 120822t xxu||||| |||| 00| 0 eng d | ||
| 010 | _aENG-105594 | ||
| 020 |
_a9788171428076 _c295.00 |
||
| 035 | _aEN-89127 | ||
| 037 | _bDBAD/PUB | ||
| 040 |
_aDPL _bEng |
||
| 082 | _a333.720954 | ||
| 100 |
_951282 _aMehta, Shalini |
||
| 245 |
_aGlobalised environmentalism and environmental organizations in India / _cby Shalini Mehta [and] Priscilla Weeks |
||
| 260 |
_aChandigarh _bUnistar Books _c2012 |
||
| 270 |
_aS.C.O.26-27, Sector 34A _bChandigarh _e160022 |
||
| 300 |
_a159p. _c23cm(Hb) |
||
| 500 | _aIncludes bibliographical references and index | ||
| 700 |
_aWeeks, Priscilla _951318 |
||
| 942 |
_2ddc _cEN _mMEH _h333.720954 |
||
| 999 |
_c69171 _d69171 |
||